| 000 | 00419nam a2200169Ia 4500 | ||
|---|---|---|---|
| 005 | 20250423094548.0 | ||
| 008 | 250422s9999 xx 000 0 und d | ||
| 020 | _a0- 86709- 009-X | ||
| 050 | _aPE1404.P6 | ||
| 100 | _aMarie Ponsot | ||
| 245 | 0 | _aBeat not the poor desk | |
| 260 | _bBoynton/ Cook Publishers | ||
| 260 | _c1982 | ||
| 300 | _a212 p | ||
| 650 | _aEnglish language- study and teaching | ||
| 942 | _cBK | ||
| 999 |
_c27611 _d27611 |
||